A tour through South America: with 145 illustrations by the author
Salvato in:
| Autore principale: | |
|---|---|
| Natura: | Libro |
| Lingua: | inglese |
| Pubblicazione: |
Londres
Stanley Paul & Co
1913
|
| Edizione: | 1a. ed |
| Soggetti: | |
| Tags: |
Aggiungi Tag
Nessun Tag, puoi essere il primo ad aggiungerne!!
|
MARC
| LEADER | 00000nam a2200000 a 4500 | ||
|---|---|---|---|
| 001 | UCJ3755 | ||
| 003 | CL-VaPUC | ||
| 008 | 070124e19130000UK |||||||||||||||||eng|d | ||
| 082 | 0 | 4 | |a 910.4 |b FOR |2 21 |
| 100 | 0 | |a Forrest, A. S. |e author |9 506084 | |
| 245 | 1 | 2 | |a A tour through South America: with 145 illustrations by the author |
| 250 | |a 1a. ed | ||
| 300 | |a 355 p | ||
| 942 | |c BK | ||
| 945 | |d 20070124 00:00:00 |a rinostro | ||
| 260 | |a Londres |b Stanley Paul & Co |c 1913 | ||
| 500 | |a Con ilustraciones del autor | ||
| 650 | 0 | |a Viajes |9 257115 | |
| 650 | 0 | |a Recursos naturales |9 255232 | |
| 650 | 0 | |a Cultura |9 269059 | |
| 650 | 0 | |a Comercio |9 255341 | |
| 650 | 7 | |a TIPOS HUMANOS |2 CL-VaPUC |9 504574 | |
| 650 | 7 | |a FOLKCLORE |2 CL-VaPUC |9 506085 | |
| 650 | 0 | |a Ilustraciones |9 369481 | |
| 651 | 0 | |a Argentina |9 254888 | |
| 651 | 0 | |a Bolivia |9 255454 | |
| 651 | 0 | |a Brasil |9 267393 | |
| 651 | 7 | |a CHILE |2 CL-VaPUC |9 506086 | |
| 651 | 0 | |a Paraguay |9 255336 | |
| 651 | 0 | |a Uruguay |9 255194 | |
| 651 | 7 | |a PANAMA |2 CL-VaPUC |9 257728 | |
| 651 | 0 | |a Valparaíso, Chile |9 261144 | |
| 583 | |a last modification |c 20070124 00:00:00 |k Rodrigo Vera | ||
| 999 | |c 319877 |d 319875 | ||
| 952 | |0 0 |1 0 |4 0 |6 910_400000000000000_FOR_1913 |7 0 |8 X |9 398277 |a FDOBUD |b FDOBUD |d 2019-11-22 |i 1007874 |o 910.4 FOR 1913 |p 1007874 |r 2019-11-22 |w 2019-11-22 |y BK_X |k BUD | ||